Принципы прогнозирования эндогенного оруденения в Восточно- Азиатских вулканических поясах СССР: материалы Всесоюзного совещания, 3-5 октября 1988 г., Хабаровск

التفاصيل البيبلوغرافية
مؤلفون مشاركون: Дальневосточный институт минерального сырья, Принципы прогнозирования эндогенного оруденения в Восточно- Азиатских вулканических поясах СССР
مؤلفون آخرون: Кривцов А. И. (редактор)
الملخص:Проанализированы современные методологические и геолого-генетические основы прогнозирования эндогенного оруденения в Восточно-Азиатских вулканических поясах и некоторых других районах СССР. Охарактеризованы принципы и методы прогнозирования, новые методологические разработки и геолого-генетические подходы к металлогеническому районированию поясов, выяснению рудоконтролирующей роли вулкано-тектонических структур, анализу связей магматизма с процессами рудообразования и изучению и выделению различных типов моделей месторождений. Приведены примеры геологических обстановок локализации оруденения, для выбора эффективных путей и методов прогнозно-поисковых работ. Для геологов, геофизиков и геохимиков, занимающихся прогнозированием месторождений в вулканических поясах.
اللغة:الروسية
منشور في: Москва, Недра, 1990
الموضوعات:
التنسيق: MixedMaterials كتاب
KOHA link:https://koha.lib.tpu.ru/cgi-bin/koha/opac-detail.pl?biblionumber=246815

MARC

LEADER 00000nam0a2200000 4500
001 246815
005 20231101232237.0
010 |a 5247020944 
035 |a (RuTPU)RU\TPU\book\268282 
090 |a 246815 
100 |a 20131210d1990 k y0rusy50 ca 
101 0 |a rus 
102 |a RU 
105 |a a z 101zy 
200 1 |a Принципы прогнозирования эндогенного оруденения в Восточно- Азиатских вулканических поясах СССР  |e материалы Всесоюзного совещания, 3-5 октября 1988 г., Хабаровск  |f Дальневосточный институт минерального сырья ; под ред. А. И. Кривцова 
210 |a Москва  |c Недра  |d 1990 
215 |a 312 с.  |c ил. 
316 |5 63413507: КР-7572  |a На форзаце дарственная надпись: "Леониду Петровичу! С добрыми пожеланиями В. Крюков 23.01.91" 
317 |5 63413507: КР-7572  |a Поступил в НТБ в 2021 г. в дар от семьи профессора ТПУ Л. П. Рихванова 
320 |a Библиогр. в конце ст. 
330 |a Проанализированы современные методологические и геолого-генетические основы прогнозирования эндогенного оруденения в Восточно-Азиатских вулканических поясах и некоторых других районах СССР. Охарактеризованы принципы и методы прогнозирования, новые методологические разработки и геолого-генетические подходы к металлогеническому районированию поясов, выяснению рудоконтролирующей роли вулкано-тектонических структур, анализу связей магматизма с процессами рудообразования и изучению и выделению различных типов моделей месторождений. Приведены примеры геологических обстановок локализации оруденения, для выбора эффективных путей и методов прогнозно-поисковых работ. Для геологов, геофизиков и геохимиков, занимающихся прогнозированием месторождений в вулканических поясах. 
606 1 |a Эндогенные месторождения (магматические и постмагматические)  |2 stltpush  |3 (RuTPU)RU\TPU\subj\21193  |9 46218 
610 1 |a оруденения 
610 1 |a Восточно-Азиатский пояс 
610 1 |a вулканизм 
610 1 |a прогнозирование 
610 1 |a районирование 
610 1 |a магматизм 
610 1 |a совещания 
610 1 |a Библиотека Л. П. Рихванова 
610 1 |a дарственные надписи 
610 1 |a дары автора 
610 1 |a дары библиотеке 
675 |a 553.062(063)  |v 3 
702 1 |a Кривцов  |b А. И.  |4 340 
712 0 2 |a Дальневосточный институт минерального сырья  |c (Хабаровск)  |2 stltpush  |3 (RuTPU)RU\TPU\col\281  |9 23320 
712 1 2 |a Принципы прогнозирования эндогенного оруденения в Восточно- Азиатских вулканических поясах СССР  |c совещание  |e Хабаровск  |f 1988 
801 1 |a RU  |b 63413507  |c 20131210 
801 2 |a RU  |b 63413507  |c 20220601  |g RCR 
942 |c BK